Inventari d'ens locals, dels seus ens dependents i d'altres ens públics associatius
ISBN:
84-393-1645-3
Publicado:
Barcelona :
Generalitat de Catalunya, Departament de Governació, Direcció General d'Administració Local ,
1991
Descripción Física:
130 p. ; 24 cm
MARC
| LEADER | 00000nam a2200000Ia 4500 | ||
|---|---|---|---|
| 001 | 14402 | ||
| 008 | 160829s1991 xx 000 0 cat d | ||
| 020 | |a 84-393-1645-3 | ||
| 080 | |a M-4-227 | ||
| 245 | |a Inventari d'ens locals, dels seus ens dependents i d'altres ens públics associatius | ||
| 260 | |a Barcelona : |b Generalitat de Catalunya, Departament de Governació, Direcció General d'Administració Local, |c 1991 | ||
| 300 | |a 130 p. ; |c 24 cm | ||
| 590 | |a Són autors de l'estudi: Lisa Valero i Ramon Bonet | ||
| 650 | |a Administració local |x Catalunya |x Guies |9 26820 | ||
| 650 | |a Associacions, institucions, etc. |x Catalunya |x Guies |9 26821 | ||
| 650 | |a Institucions públiques |x Catalunya |x Guies |9 26822 | ||
| 700 | |a Valero, Lisa |9 26823 | ||
| 700 | |a Bonet, Ramon |9 26824 | ||
| 710 | 1 | |a Catalunya. |b Direcció General d'Administració Local |9 53065 | |
| 901 | |a Arxiu | ||
| 942 | |n 1 | ||
| 952 | |0 0 |1 0 |4 0 |6 M4227 |7 1 |9 44160 |a Arxiu |b Arxiu |d 2016-12-01 |l 0 |o M-4-227 |p 14402 |r 2016-12-01 00:00:00 |w 2016-12-01 |y ARXIU | ||
| 999 | |c 46740 |d 46740 | ||